Labour Litigation and Dispute Resolution / (Record no. 3302)

MARC details
000 -LEADER
fixed length control field 00546nam a22001817a 4500
005 - DATE AND TIME OF INPUT
control field 20250602130131.0
008 - DATA ELEMENTS--GENERAL INFORMATION
fixed length control field 250602b |||||||| |||| 00| 0 eng d
020 ## - INTERNATIONAL STANDARD BOOK NUMBER
International Standard Book Number 9781485133759
041 ## - LANGUAGE CODE
Language code of text English
082 ## - SHELF NUMBER
DDC number 344.1 GRO
100 ## - MAIN AUTHOR
Main author's name Grogan J
Language of a work English
245 ## - TITLE STATEMENT
Title Labour Litigation and Dispute Resolution /
Statement of responsibility, etc. J Grogan
250 ## - EDITION STATEMENT
Edition statement Third Edition
260 ## - PUBLICATION, DISTRIBUTION, ETC.
Place of publication, distribution, etc. Cape Town:
Name of publisher, distributor, etc. Juta and Company (Pty) Ltd,
Date of publication, distribution, etc. 2019
300 ## - PHYSICAL DESCRIPTION
Other physical details xviii, 567 pages;
Dimensions 26 cm.
650 ## - SUBJECT`
Broad subject Legal Practice
Own subject terms Law
942 ## - ADDED ENTRY ELEMENTS (KOHA)
Item type Books
942 ## - ADDED ENTRY ELEMENTS (KOHA)
-- ALISON_BN_VRIES
Holdings
Source of classification or shelving scheme Not for loan Collection code Home library Current library Shelving location Date acquired Full call number Barcode Price effective from Koha item type
Dewey Decimal Classification   TEXT BOOKS LAW SOCIETY OF NAMIBIA LIBRARY - WINDHOEK LAW SOCIETY OF NAMIBIA LIBRARY - WINDHOEK Labour law 06/02/2025 344.1 GRO LSN/2022/2 06/02/2025 Books